| 000 | 00477nam a22001817a 4500 | ||
|---|---|---|---|
| 005 | 20251108171950.0 | ||
| 008 | 250721s9999 xx 000 0 ara d | ||
| 082 | 1 | 4 | _a956.06371/حسن |
| 100 | 1 | _aحبشي، حسن | |
| 245 | 1 | 0 | _aالحروب الصليبية الأولى / |
| 264 | _bدار الفكر العربي، | ||
| 300 | _a227ص | ||
| 650 | 1 | 7 | _aالعرب |
| 650 | 1 | 7 | _aالتاريخ |
| 650 | 1 | 7 | _aالصليبيون |
| 942 |
_2ddc _cBK |
||
| 999 |
_c67088 _d67088 |
||